Les Peintres italiens de la Renaissance (notice n° 2034560)

détails MARC
000 -LEADER
fixed length control field 01301cam a2200145 4500500
005 - DATE AND TIME OF LATEST TRANSACTION
control field 20260405000205.0
041 ## - LANGUAGE CODE
Language code of text/sound track or separate title fre
042 ## - AUTHENTICATION CODE
Authentication code dc
100 10 - MAIN ENTRY--PERSONAL NAME
Personal name Berenson, Bernard
Relator term author
245 00 - TITLE STATEMENT
Title Les Peintres italiens de la Renaissance
260 ## - PUBLICATION, DISTRIBUTION, ETC.
Name of publisher, distributor, etc. Klincksieck,<br/>
Date of publication, distribution, etc. 2017.<br/>
520 ## - SUMMARY, ETC.
Summary, etc. Légendaire connaisseur de la peinture italienne, Bernard Berenson (1865-1959) a bâti son autorité et sa fortune sur le seul pouvoir de son œil, capable de reconnaître entre mille une copie d'un original ou de reconstituer l'œuvre de tel maître italien oublié. Entre 1894 et 1907, Berenson réécrit rien moins que l'histoire de la peinture de la Renaissance, dans quatre petits livres abordant la Péninsule par régions. Leur succès fut tel qu'en 1930 on les publia en un volume unique, Les peintres italiens de la Renaissance. Magistralement traduit par l'historien de l'art Louis Gillet, cet ouvrage restitue la vision très passionnelle de Berenson, pour lequel la Renaissance est le miroir de notre propre jeunesse et possède l'éclat de « ces années où, à nous-mêmes et à autrui, nous apparûmes pleins de promesses ».
700 10 - ADDED ENTRY--PERSONAL NAME
Personal name Gillet, Louis
Relator term author
856 41 - ELECTRONIC LOCATION AND ACCESS
Uniform Resource Identifier <a href="https://shs.cairn.info/les-peintres-italiens-de-la-renaissance--9782252040492?lang=fr&redirect-ssocas=7080">https://shs.cairn.info/les-peintres-italiens-de-la-renaissance--9782252040492?lang=fr&redirect-ssocas=7080</a>

Pas d'exemplaire disponible.

PLUDOC

PLUDOC est la plateforme unique et centralisée de gestion des bibliothèques physiques et numériques de Guinée administré par le CEDUST. Elle est la plus grande base de données de ressources documentaires pour les Étudiants, Enseignants chercheurs et Chercheurs de Guinée.

Adresse

627 919 101/664 919 101

25 boulevard du commerce
Kaloum, Conakry, Guinée

Réseaux sociaux

Powered by Netsen Group @ 2025